| 000 | 00536nam a2200193 a 4500 | ||
|---|---|---|---|
| 001 | 000017783 | ||
| 005 | 20200929165229.0 | ||
| 008 | 100331s1983 dr 000 0 spa d | ||
| 040 | _aDO-SdBNP | ||
| 082 |
_axxx _bM385d |
||
| 100 | 1 |
_aMartínez, Rufino _938668 |
|
| 245 | 1 | 0 |
_aDe Sosúa a Matanzas / _cRufino Martínez. |
| 260 |
_aSanto Domingo : _bUniversidad Cetec, _c1983. |
||
| 300 |
_a86 p. ; _c22 cm. |
||
| 490 | 1 |
_aEnsayos _vvol. 8 |
|
| 500 | _aIncluye índice de nombres | ||
| 830 | 0 |
_aEnsayos _vvol. 8 _911110 |
|
| 049 | _aBNPD | ||
| 999 |
_c17308 _d17308 |
||